00337nam a22001217a 4500020001800000082002900018100001800047245004200065260003200107300003100139526003700170650000800207 a0 333 25320 5 a358.4bARMcL-30-II P-93 aArmitage, M.J aAir power in the nuclear age, 1945-82 aGreat BritainbPitman Press axv, 296 p. :bill. :c8 Cm a0b0c0d358_400000000000000_ARM aMCE